| 000 | 00799nam a2200217Ia 4500 | ||
|---|---|---|---|
| 003 | LDD | ||
| 008 | 190117s9999 xx 000 0 und d | ||
| 020 | _c₹300 | ||
| 040 | _cLDD | ||
| 041 | _ahi | ||
| 082 | _a8s1.09 द्वि6806म | ||
| 100 | _aद्विवेदी, शिवबालक | ||
| 245 | 0 |
_aमहाकवि भवभूति _cशिवबालक द्विवेदी |
|
| 246 | _amahakavi bhavbhuti | ||
| 260 |
_aदिल्ली _bयूनिवर्सिटी पब्लिकेशन _c1998 |
||
| 300 | _a168पृ. | ||
| 440 | _aसंस्कृत महाकवि ग्रंथमाला | ||
| 901 | _aVANI | ||
| 904 | _aReqst by : Parakh, Jawarimal (Dr.) | ||
| 942 |
_2ddc _cH |
||
| 999 |
_c161689 _d161689 |
||